Statistics for All Democracies In The World

Click here to take the quiz!

General Stats

  • This quiz has been taken 1,441 times
    (206 since last reset)
  • The average score is 54 of 70

Answer Stats

ScoreCountry% Correct
9.52Sweden
99%
8.07United Kingdom
98%
9.28Finland
97%
9.81Norway
97%
8.94Canada
96%
8.20Spain
96%
7.73United States
96%
9.30Denmark
95%
8.33Germany
95%
7.95Portugal
95%
9.39Iceland
94%
7.64Italy
94%
7.79France
93%
9.14Ireland
93%
8.22Japan
93%
8.80Australia
92%
9.08Netherlands
92%
6.72Poland
92%
7.96Greece
91%
7.12Slovakia
91%
8.14Belgium
90%
8.81Luxembourg
90%
7.97Czech Republic
89%
7.92Slovenia
89%
8.03Estonia
88%
7.40Latvia
88%
9.65New Zealand
88%
7.98South Korea
88%
9.11Switzerland
88%
7.07Brazil
87%
7.70Lithuania
87%
6.45Romania
87%
8.29Chile
86%
7.38Argentina
85%
6.34Hungary
85%
8.28Austria
84%
6.52Croatia
84%
6.78India
83%
6.91South Africa
83%
6.64Bulgaria
82%
6.04Serbia
80%
8.88Taiwan
77%
6.74Colombia
76%
7.69Israel
73%
7.85Malta
73%
6.27Singapore
73%
9.00Uruguay
73%
6.12Montenegro
71%
8.71Costa Rica
70%
6.21Ecuador
70%
7.13Panama
70%
6.71Indonesia
69%
6.43Guyana
67%
7.31Malaysia
67%
6.39Paraguay
67%
6.67Thailand
66%
6.44Dominican Republic
65%
7.05Suriname
63%
7.65Cyprus
62%
6.85Philippines
61%
7.16Jamaica
58%
7.75Botswana
48%
7.30Trinidad and Tobago
48%
6.53Namibia
45%
6.50Sri Lanka
45%
6.41Mongolia
42%
8.11Mauritius
37%
6.48Ghana
33%
6.96East Timor
32%
7.04Cape Verde
30%

Score Distribution

Percentile by Number Answered

Percent of People with Each Score

Your Score History

You have not taken this quiz since the last reset